<?xml version="1.0" encoding="UTF-8"?>
<record
    xmlns:xsi="http://www.w3.org/2001/XMLSchema-instance"
    xsi:schemaLocation="http://www.loc.gov/MARC21/slim http://www.loc.gov/standards/marcxml/schema/MARC21slim.xsd"
    xmlns="http://www.loc.gov/MARC21/slim">

  <leader>00872cam a22002411  4500</leader>
  <controlfield tag="001">sa 68004541 </controlfield>
  <controlfield tag="003">DLC</controlfield>
  <controlfield tag="005">20260227112502.0</controlfield>
  <controlfield tag="008">850325s1965    ii       b    000 0 sanx </controlfield>
  <datafield tag="010" ind1=" " ind2=" ">
    <subfield code="a">sa 68004541 </subfield>
  </datafield>
  <datafield tag="025" ind1=" " ind2=" ">
    <subfield code="a">PL480:I-San-639</subfield>
  </datafield>
  <datafield tag="035" ind1=" " ind2=" ">
    <subfield code="a">(OCoLC)13888874</subfield>
  </datafield>
  <datafield tag="040" ind1=" " ind2=" ">
    <subfield code="a">DLC</subfield>
    <subfield code="c">NN</subfield>
    <subfield code="d">DLC</subfield>
  </datafield>
  <datafield tag="042" ind1=" " ind2=" ">
    <subfield code="a">premarc</subfield>
  </datafield>
  <datafield tag="050" ind1="0" ind2="0">
    <subfield code="a">PK3521</subfield>
    <subfield code="b">.C5 1965</subfield>
  </datafield>
  <datafield tag="130" ind1="0" ind2=" ">
    <subfield code="a">Upanishads.</subfield>
    <subfield code="p">Ch&#x101;ndogyopani&#x1E63;ad.</subfield>
  </datafield>
  <datafield tag="245" ind1="1" ind2="0">
    <subfield code="a">Ch&#x101;ndogyopani&#x1E63;ad;</subfield>
    <subfield code="b">anvaya, &#x15B;abd&#x101;rtha, bh&#x101;v&#x101;rtha aura vistr&#x325;ta vyk&#x304;hy&#x101; sahita.</subfield>
    <subfield code="c">&#x1E6C;&#x12B;k&#x101;k&#x101;ra N&#x101;r&#x101;ya&#x1E47;a Sv&#x101;m&#x12B;.</subfield>
  </datafield>
  <datafield tag="260" ind1=" " ind2=" ">
    <subfield code="a">&#x100;gar&#x101;,</subfield>
    <subfield code="b">&#x100;ryaprak&#x101;&#x15B;a-Pustak&#x101;laya;</subfield>
    <subfield code="b">[Pr&#x101;ptisth&#x101;na: Prema Pustaka Bha&#x1E47;&#x1E0D;&#x101;ra, Barel&#x12B;]</subfield>
    <subfield code="c">1965.</subfield>
  </datafield>
  <datafield tag="300" ind1=" " ind2=" ">
    <subfield code="a">6, 415 p.</subfield>
    <subfield code="c">19 cm.</subfield>
  </datafield>
  <datafield tag="500" ind1=" " ind2=" ">
    <subfield code="a">In Sanskrit; introductory matter and commentary in Hindi.</subfield>
  </datafield>
  <datafield tag="504" ind1=" " ind2=" ">
    <subfield code="a">Bibliographical footnotes.</subfield>
  </datafield>
  <datafield tag="700" ind1="0" ind2=" ">
    <subfield code="a">N&#x101;r&#x101;ya&#x1E47;a,</subfield>
    <subfield code="c">Swami,</subfield>
    <subfield code="d">1866-1948,</subfield>
    <subfield code="e">ed.</subfield>
  </datafield>
  <datafield tag="999" ind1=" " ind2=" ">
    <subfield code="c">80191</subfield>
    <subfield code="d">80191</subfield>
  </datafield>
</record>
